| 000 | 00895nam a2200289 i 4500 | ||
|---|---|---|---|
| 001 | bg | ||
| 100 | 1 | _aColman, Andrew M. | |
| 245 | 1 | 0 |
_aSłownik psychologii / _cAndrew M. Colman ; [tł. Anna Cichowicz et al.]. |
| 246 | 1 |
_iTyt. oryg.: _aDictionary of psychology, _f2001 |
|
| 260 |
_aWarszawa : _bWydawnictwo Naukowe PWN, _c2009. |
||
| 300 |
_aXIV, 1074 s. : _bil. ; _c21 cm. |
||
| 500 | _aTyt. oryg.: "A dictionary of psychology" 2001. | ||
| 504 | _aBibliogr. s. 1072-1073. | ||
| 650 | 9 | _aPsychologia | |
| 655 | _aEncyklopedie | ||
| 700 | 1 |
_aCichowicz, Anna. _eTł. |
|
| 015 | _aPB 4637/2009 | ||
| 020 | _a9788301157654 | ||
| 040 | _cBPK | ||
| 041 | 1 |
_apol _heng |
|
| 044 | _aPOL | ||
| 080 | _a159.9(03) | ||
| 920 | _a978-83-01-15765-4 | ||
| 942 | _cKS | ||
| 008 | 090724s2009 pl a e |000 0 pol | ||
| 999 |
_c56552 _d56552 |
||
| 856 |
_uhttp://koha.tu.koszalin.pl/cgi-bin/koha/opac-detail.pl?biblionumber=56552 _yKatalog online BPK |
||